Every Song by King Crimson - Statistics

General Stats
  • This quiz has been taken 84 times
  • The average score is 56 of 161
Answer Stats
Album Song % Correct
In the Court of the Crimson King(1969) 21st Century Schizoid Man
100%
In the Court of the Crimson King(1969) I Talk to the Wind
91%
Red(1974) Red
91%
In the Court of the Crimson King(1969) The Court of the Crimson King
91%
In the Court of the Crimson King(1969) Epitaph
89%
In the Court of the Crimson King(1969) Moonchild
89%
Red(1974) Starless
87%
Discipline(1981) Discipline
81%
Three of a Perfect Pair(1984) Larks' Tongues in Aspic (Part III)
78%
the construKction of light(2000) Larks' Tongues in Aspic – Part IV
78%
Larks' Tongues in Aspic(1973) Larks' Tongues in Aspic, Part One
78%
Larks' Tongues in Aspic(1973) Larks' Tongues in Aspic, Part Two
78%
Lizard(1970) Big Top
76%
Lizard(1970) Bolero – The Peacock's Tale
76%
Lizard(1970) I. Dawn Song
76%
Lizard(1970) III. Prince Rupert's Lament
76%
Lizard(1970) II. Last Skirmish
76%
In the Wake of Poseidon(1970) In the Wake of Poseidon
76%
Islands(1971) Islands
76%
Lizard(1970) Prince Rupert Awakes
76%
Discipline(1981) | Vrooom Vrooom(2001) Elephant Talk
69%
Red(1974) Fallen Angel
69%
Discipline(1981) Indiscipline
69%
Red(1974) One More Red Nightmare
69%
Three of a Perfect Pair(1984) Three of a Perfect Pair
69%
In the Wake of Poseidon(1970) Cat Food
65%
Discipline(1981) Matte Kudasai
65%
Larks' Tongues in Aspic(1973) The Talking Drum
65%
Larks' Tongues in Aspic(1973) Easy Money
61%
Discipline(1981) Frame by Frame
61%
Larks' Tongues in Aspic(1973) Book of Saturday
59%
Red(1974) Providence
59%
In the Wake of Poseidon(1970) Pictures of a City
57%
Starless and Bible Black(1974) Starless and Bible Black
57%
Discipline(1981) Thela Hun Ginjeet
57%
Discipline(1981) The Sheltering Sky
57%
THRAK(1995) THRAK
57%
THRAK(1995) VROOOM
57%
Larks' Tongues in Aspic(1973) Exiles
56%
In the Wake of Poseidon(1970) II. Hand of Sceiron
56%
In the Wake of Poseidon(1970) III. Garden of Worm
56%
In the Wake of Poseidon(1970) I. Merday Morn
56%
In the Wake of Poseidon(1970) Peace – A Beginning
54%
In the Wake of Poseidon(1970) Peace – An End
52%
Starless and Bible Black(1974) The Night Watch
52%
The Power to Believe(2003) The Power to Believe I: A Cappella
52%
The Power to Believe(2003) The Power to Believe II
52%
The Power to Believe(2003) The Power to Believe III
52%
In the Wake of Poseidon(1970) Cadence and Cascade
50%
Starless and Bible Black(1974) Fracture
50%
Beat(1982) Neal and Jack and Me
50%
In the Wake of Poseidon(1970) Peace – A Theme
50%
Islands(1971) Sailor's Tale
50%
Starless and Bible Black(1974) The Great Deceiver
50%
Lizard(1970) Cirkus
48%
Islands(1971) Ladies of the Road
48%
Starless and Bible Black(1974) Lament
48%
Islands(1971) Formentera Lady
46%
Lizard(1970) Indoor Games
46%
Beat(1982) Heartbeat
44%
THRAK(1995) Dinosaur
43%
The Power to Believe(2003) Happy with What You Have to Be Happy With
43%
Three of a Perfect Pair(1984) Industry
41%
the construKction of light(2000) The ConstruKction of Light
41%
Lizard(1970) Happy Family
39%
Three of a Perfect Pair(1984) Model Man
39%
Starless and Bible Black(1974) The Mincer
39%
Starless and Bible Black(1974) Trio
39%
Lizard(1970) Lady of the Dancing Water
37%
Islands(1971) Prelude: Song of the Gulls
37%
THRAK(1995) VROOOM VROOOM
37%
The Power to Believe(2003) Level Five
33%
Three of a Perfect Pair(1984) Man with an Open Heart
33%
Three of a Perfect Pair(1984) Nuages (That Which Passes, Passes Like Clouds)
33%
Three of a Perfect Pair(1984) Sleepless
33%
Beat(1982) Neurotica
31%
Islands(1971) The Letters
31%
THRAK(1995) Walking on Air
31%
Three of a Perfect Pair(1984) Dig Me
30%
Beat(1982) Requiem
30%
Starless and Bible Black(1974) We'll Let You Know
30%
Beat(1982) Waiting Man
28%
Earthbound(1972) Groon
26%
THRAK(1995) People
26%
the construKction of light(2000) ProzaKc Blues
26%
Beat(1982) Sartori in Tangier
26%
Beat(1982) The Howler
26%
The Power to Believe(2003) Eyes Wide Open
24%
THRAK(1995) Inner Garden II
24%
Three of a Perfect Pair(1984) No Warning
24%
THRAK(1995) Radio II
24%
THRAK(1995) Coda: Marine 475
22%
Radical Action to Unseat the Hold of Monkey Mind(2016) Meltdown
22%
THRAK(1995) VROOOM VROOOM: Coda
22%
THRAK(1995) B'Boom
20%
USA(1975) Asbury Park
20%
THRAK(1995) Radio I
20%
the construKction of light(2000) The World's My Oyster Soup Kitchen Floor Wax Museum
20%
The Power to Believe(2003) Dangerous Curves
19%
The Power to Believe(2003) Elektrik
19%
the construKction of light(2000) FraKctured
19%
THRAK(1995) Inner Garden I
19%
THRAK(1995) One Time
19%
THRAK(1995) Sex Sleep Eat Drink Dream
19%
Three of a Perfect Pair(Bonus)(2001) The King Crimson Barber Shop
19%
Beat(1982) Two Hands
19%
VROOOM(1994) Cage
17%
the construKction of light(2000) Coda: I Have a Dream
17%
The Power to Believe(2003) Facts of Life
17%
the construKction of light(2000) Heaven and Earth
17%
Radical Action to Unseat the Hold of Monkey Mind(2016) Radical Action II
17%
Radical Action to Unseat the Hold of Monkey Mind(2016) Radical Action (to Unseat the Hold of Monkey Mind)
17%
The Power to Believe(2003) Facts of Life: Intro
15%
the construKction of light(2000) Into the Frying Pan
15%
Earthbound(1972) Peoria
15%
The Power to Believe(2003) The Power to Believe IV: Coda
15%
Radical Action to Unseat the Hold of Monkey Mind(2016) Interlude
13%
happy with what you have to be happy with(2002) Potato Pie
13%
Radical Action to Unseat the Hold of Monkey Mind(2016) The Hell Hounds of Krim
13%
happy with what you have to be happy with(2002) Bude
11%
happy with what you have to be happy with(Bonus)(2002) Einstein's Relatives
11%
happy with what you have to be happy with(2002) I Ran
11%
happy with what you have to be happy with(2002) Shoganai
11%
King Crimson Live in Mainz(2001) Doctor Diamond
9%
happy with what you have to be happy with(2002) Mie Gakure
9%
happy with what you have to be happy with(2002) She Shudders
9%
VROOOM(1994) When I Say Stop, Continue
9%
happy with what you have to be happy with(2002) Clouds
7%
Radical Action to Unseat the Hold of Monkey Mind(2016) Devil Dogs of Tessellation Row
7%
happy with what you have to be happy with(2002) I Have a Dream
7%
Radical Action to Unseat the Hold of Monkey Mind(2016) Suitable Grounds for the Blues
7%
Meltdown: Live in Mexico City(2018) Tony's Cadenza
7%
USA(Bonus)(2002) Walk On... No Pussyfooting
7%
Radical Action to Unseat the Hold of Monkey Mind(2016) Banshee Legs Bell Hassle
6%
Meltdown: Live in Mexico City(2018) Jeremy's Cadenza
6%
Vrooom Vrooom(2001) Two Sticks
6%
Vrooom Vrooom(2001) Conundrum
4%
King Crimson Live at Summit Studios(2000) Summit Going On
4%
King Crimson Live at Summit Studios(2000) My Hobby
4%
Heavy ConstruKction(2000) Offenbach
4%
King Crimson Live at Summit Studios(2000) The Creator Has a Master Plan
4%
Radical Action to Unseat the Hold of Monkey Mind(2016) The Light of Day
4%
Music Is Our Friend: Live in Washington and Albany(2021) Tony Cadenza Serves It Piping Hot
4%
King Crimson Live in Mainz(2001) Atria
2%
Heavy ConstruKction(2000) Bonn
2%
Meltdown: Live in Mexico City(2018) Breathless
2%
Meltdown: Live in Mexico City(2018) Cool Jam
2%
Music Is Our Friend: Live in Washington and Albany(2021) Introductory Soundscape
2%
Heavy ConstruKction(2000) The Deception of the Thrush
2%
Live in Chicago(2017) The Errors
2%
Live in Vienna(2017) Ahriman's Ceaseless Corruptions
0%
King Crimson Live in Mainz(2001) Arabica
0%
Live in Chicago(2017) Bellscape & Orchestral Werning
0%
Live in Vienna(2017) Fairy Dust of the Drumsons
0%
Heavy ConstruKction(2000) München
0%
Live in Vienna(2017) Schoenberg Softened His Hat
0%
Live in Vienna(2017) Spenta's Counter Claim
0%
King Crimson Live in Mainz(2001) The Savage
0%
Music Is Our Friend: Live in Washington and Albany(2021) Tony Cadenza Deals It Slitheryacious-To-The-Max
0%
Live in Vienna(2017) Walk On: Monk Morph Music of the Chamber
0%
No matching quizzes found
Score Distribution
Percent of People with Each Score
Percentile by Number Answered
Your Score History
You have not taken this quiz